| 000 | 01073nam a22003137a 4500 | ||
|---|---|---|---|
| 003 | CHAP | ||
| 005 | 20220329133551.0 | ||
| 008 | 971013s1993 r 00010 d | ||
| 010 | _a7973 | ||
| 011 | _a8945 | ||
| 035 | _a8179 | ||
| 040 | _cCHAP | ||
| 090 | _aTesis | ||
| 100 | 0 | 0 |
_aIzaguirre Rangel, Candelario. _960740 |
| 245 | _aRescate de una experiencia en tres sistemas de plantación forestal en el "Cerro del Pavo" Mpio. de Othón P. Blanco, Quintana Roo | ||
| 260 |
_aChapingo, Méx. : _bEl autor, _c1993 |
||
| 300 | _a58 h. | ||
| 502 | _aTesis (Ing. Agr. Esp. en Bosques) -- UACH. División de Ciencias Forestales | ||
| 590 |
_aALEPH _b10 _c20130110 _lUCH01 _h1221 |
||
| 590 |
_aBATCH-UPD _b10 _c20130110 _lUCH01 _h2039 |
||
| 590 |
_aBATCH-UPD _b10 _c20130410 _lUCH01 _h1354 |
||
| 590 |
_aBATCH-UPD _b10 _c20130914 _lUCH01 _h0707 |
||
| 590 |
_aCONVERSION _b10 _c20130109 _lUCH01 _h1305 |
||
| 650 | 1 | 4 |
_aBosques _xQuintana Roo. _914375 |
| 650 | 1 | 4 |
_aPlantación de árboles. _988782 |
| 901 | _aBK | ||
| 942 | _cTESIS | ||
| 949 |
_bBC _cTES _d-18336 _eTS1 _h26251 _i8179 _si |
||
| 999 |
_c7973 _d7973 |
||